[Event "GER-ch U12"]
[Site "Willingen"]
[Date "2023.06.03"]
[Round "9"]
[White "Madel, Luca"]
[Black "Mueller, Anker"]
[Result "1/2-1/2"]
[WhiteElo "1151"]
[BlackElo "1600"]
[PlyCount "55"]
[EventDate "2023.05.27"]
[EventType "swiss"]
[EventRounds "9"]
[EventCountry "GER"]
[SourceTitle "CBM 214 Extra"]
[Source "ChessBase"]
[SourceDate "2023.07.31"]
[SourceVersion "1"]
[SourceVersionDate "2023.07.31"]
[SourceQuality "1"]

1. d4 d5 2. Nf3 Nf6 3. e3 c5 4. b3 Nc6 5. Bb2 Bg4 6. Be2 e6 7. Nbd2 Be7 8. 0-0 0-0 9. Ne5 Bxe2 10. Qxe2 cxd4 11. exd4 Rc8 12. c3 Nd7 13. f4 a6 14. Rf3 Ndxe5 15. fxe5 Qb6 16. Kh1 Qa5 17. Qd3 g6 18. Qe3 Qd8 19. Raf1 Bg5 20. Qf2 Qe8 21. Rh3 f6 22. exf6 Rxf6 23. Rf3 Rxf3 24. Nxf3 Bf6 25. Re1 Qd7 26. Qe2 Re8 27. Qd3 b5 28. Bc1 1/2-1/2

[Event "GER-chT U12"]
[Site "Muenchen"]
[Date "2022.12.30"]
[Round "7"]
[White "Madel, Luca"]
[Black "Roos Nazario, Valentin"]
[Result "0-1"]
[WhiteElo "1104"]
[BlackElo "1196"]
[PlyCount "114"]
[EventDate "2022.12.26"]
[EventType "team-swiss"]
[EventRounds "7"]
[EventCountry "GER"]
[SourceTitle "CBM 212 Extra"]
[Source "ChessBase"]
[SourceDate "2023.03.31"]
[SourceVersion "1"]
[SourceVersionDate "2023.03.31"]
[SourceQuality "1"]
[WhiteTeam "Barnim Schachfreunde"]
[BlackTeam "Fritzdorf"]
[WhiteTeamCountry "GER"]
[BlackTeamCountry "GER"]

1. d4 d5 2. Bf4 Nf6 3. Nf3 c5 4. e3 Nc6 5. c3 e6 6. Bd3 Bd6 7. Bg3 0-0 8. Nbd2 b6 9. 0-0 Bb7 10. Ne5 Ne8 11. f4 Nf6 12. Bh4 Be7 13. Bxf6 Bxf6 14. g4 g6 15. Qf3 Nxe5 16. fxe5 Bg5 17. Rf2 f6 18. Qg3 fxe5 19. Rxf8+ Qxf8 20. Qxe5 Qf6 21. Qxf6 Bxf6 22. Nf3 Rf8 23. Rf1 Kg7 24. g5 Be7 25. h4 h6 26. Kg2 Bc8 27. b3 Rh8 28. Ne5 Rf8 29. Rxf8 Bxf8 30. Nxg6 Bd6 31. gxh6+ Kxh6 32. Kf3 Kh5 33. dxc5 Bxc5 34. Ne5 Kxh4 35. Nc6 a5 36. Bg6 Kg5 37. Bd3 Kf6 38. b4 axb4 39. cxb4 Bd6 40. b5 e5 41. e4 Be6 42. a4 Bc7 43. Bc2 dxe4+ 44. Bxe4 Bb3 45. Nb4 Ke6 46. Bc2 Bxc2 47. Nxc2 Kd5 48. Ne3+ Kd4 49. Nf5+ Kd3 50. Ne3 e4+ 51. Kf2 Bd6 52. Nd5 Kd2 53. a5 bxa5 54. b6 e3+ 55. Nxe3 Bc5 56. Kf3 Bxe3 57. b7 Ba7 0-1